Sex, dating, and love: (Record no. 14789)

000 -LEADER
fixed length control field 00619nam a2200205 a 4500
001 - CONTROL NUMBER
control field :::00012623$&:&@@
003 - CONTROL NUMBER IDENTIFIER
control field OkBaRHE
005 - DATE AND TIME OF LATEST TRANSACTION
control field 20000607103421.0
008 - FIXED-LENGTH DATA ELEMENTS--GENERAL INFORMATION
fixed length control field s1984 j 000 0 eng u
040 ## - CATALOGING SOURCE
Transcribing agency
100 1# - MAIN ENTRY--PERSONAL NAME
Personal name Short, Ray E.
245 10 - TITLE STATEMENT
Title Sex, dating, and love:
Remainder of title 77 questions most often asked.
260 ## - PUBLICATION, DISTRIBUTION, ETC. (IMPRINT)
Place of publication, distribution, etc Minneapolis, MN., :
Name of publisher, distributor, etc Augsburg Publishing House
Date of publication, distribution, etc c1984
300 ## - PHYSICAL DESCRIPTION
Extent 144 p. ;
Dimensions 18 cm.
650 ## - SUBJECT ADDED ENTRY--TOPICAL TERM
Topical term or geographic name as entry element Dating (Social Customs)
650 ## - SUBJECT ADDED ENTRY--TOPICAL TERM
Topical term or geographic name as entry element Love
650 ## - SUBJECT ADDED ENTRY--TOPICAL TERM
Topical term or geographic name as entry element Sex
942 ## - ADDED ENTRY ELEMENTS (KOHA)
Source of classification or shelving scheme
Koha item type Books
Copies
Full call number Copy number Permanent Location Damaged status Date last seen Source of classification or shelving scheme Withdrawn status Shelving location Barcode Lost status Date acquired Price effective from Koha item type Not for loan
HQ 801 .S531RHEMA Bible Training College 2010-04-14  General Stacks12623 2010-04-142010-04-14Books